000 00569nam a2200205 a 4500
001 BRCA_6666
005 20190320205540.0
008 121011s1914----gw-a######---#000-0#ger-#
041 _ager
044 _agw
050 4 _aSH271
_b.F55 1914
100 1 _aFloericke, Kurt Ehrenreich
_d1869-
_916684
245 1 0 _aMeeresfische
_cvon Kurt Floericke.
260 _aStuttgart, Alemania
_bKosmos, gesellschaft der naturfreunde
_c1914
300 _a96 p.
_bil.
_c20 cm.
650 1 4 _aPesquerías
_zAlemania
_916685
650 1 4 _aPeces
_916686
902 _aGFM
942 _2lcc
_cB
999 _c6350
_d6350